000 00223nam a22000857a 4500
999 _c518590
_d518590
082 _aK12055x54 In2/IPos/2020
245 _aCivil list of Indian Postal Service
260 _aNew Delhi
_bDepartment of Posts
_c2020
300 _a40p.